000 00512nam a2200169 i 4500
001 97043
003 ES-MaACL
005 20250801034658.0
007 t|
008 050705s1970 sp ||||1| spa d
100 1 _aManrique de Lara, José Gerardo,
_d1922-2001
_976104
245 1 3 _aLa rebelión de los sentidos /
_cJosé Gerardo Manrique de Lara.
260 _aMadrid :
_bEditorial Nacional,
_c1970.
300 _a132 p. ;
_c21 cm.
852 _aES-MaACL
_jL-192
_bR.100584
999 _c97043
_d97043